000 00419pab a2200169 454500
008 180718b2008 xxu||||| |||| 00| 0 eng d
100 _aJaffee, Dwight M.
245 _aMortgage guarantee programs and the subprime crisis
260 _c2008
300 _ap.117-43.
362 _aFall
650 _aHousing
700 _aQuigley, John M.
773 _aCalifornia Management Review
908 _aN
909 _a80671
999 _c80671
_d80671